Analýza biosignálov
Gespeichert in:
| Hauptverfasser: | , |
|---|---|
| Format: | Buch |
| Sprache: | Slowakisch |
| Veröffentlicht: |
Bratislava :
STU v Bratislave,
2008
|
| Schlagworte: | |
| Tags: |
Keine Tags, Fügen Sie das erste Tag hinzu!
|
MARC
| LEADER | 00000nam a22000003a 4500 | ||
|---|---|---|---|
| 001 | stu171715 | ||
| 005 | 20221212122524.8 | ||
| 008 | 081007s2008----xo------------------slo-d | ||
| 020 | |a 978-80-227-2833-1 | ||
| 040 | |a STU |b slo | ||
| 041 | 0 | |a slo | |
| 044 | |a xo | ||
| 080 | |a 577.2 | ||
| 100 | 1 | |a Púčik, Jozef, |d 1972- |4 aut |u E030 |U FEI Fakulta elektrotechniky a informatiky |T FEI Ústav elektroniky a fotoniky |X 1922 |U E030 |Y 549 |7 A000001922 | |
| 242 | 0 | 0 | |a Biosignal Analysis |y eng |
| 245 | 1 | |a Analýza biosignálov | |
| 260 | |a Bratislava : |b STU v Bratislave, |c 2008 | ||
| 300 | |a 121 s | ||
| 650 | 7 | |a biosignály |2 stusub | |
| 700 | 1 | |a Cocherová, Elena, |d 1970- |4 aut |u E030 |U FEI Fakulta elektrotechniky a informatiky |T FEI Ústav elektroniky a fotoniky |X 1900 |U E030 |Y 549 |7 A000001900 | |
| 996 | |b 284EK87705 |c E*87705 |l EE0105 |s P |a 0 |w stu171715_0005 | ||